แสดงรายละเอียดบรรณานุกรม
  กลับหน้าหลัก

Brief Record : Get Marc (ISO 2709) : E-mail record : QR code ปิดหน้าต่าง
E-books : เกี่ยวกับ Collections
LEADER 00000nam 2200000uu 4500
008    121106s2554||||th 000 0 tha d
020    ^a9789740208136
040    ^abcnkk
041 0  ^atha
090    ^aนว อ612จพ 2554
100 0  ^aอาจินต์ ปัญจพรรค์.
245 10 ^aเจ้าพ่อ./^bอาจินต์ ปัญจพรรค์.
250    ^aพิมพ์ครั้งที่ 5
260    ^aกรุงเทพฯ : ^bสำนักพิมพ์มติชน,^c2554
300    ^a392 หน้า
650  4 ^aนวนิยายไทย.
999    ^aใช้งานได้ทุกระบบ
รายการนี้ยังไม่มีแท็ก
คุณยังไม่ได้ล็อกอิน คุณสามารถมีกิจกรรมร่วมกับเว็บไซต์ได้ แต่ต้องล็อกอินก่อน ::
  ล็อกอิน
ลำดับที่ ประเภท เลขเรียก สถานที่ สถานะ
1. นวนิยาย
นวนิยาย
นว อ612จพ 2554  
  
ชั้นนวนิยาย On Shelf
  ขอยืม
Note:ปีงบประมาณ 2555
2. นวนิยาย
นวนิยาย
นว อ612จพ 2554 ฉ.2 
  
ชั้นนวนิยาย On Shelf
  ขอยืม
Note:ปีงบประมาณ 2555
   [แสดง 2/2 รายการ]

รายการใกล้เคียง
    หัวเรื่อง [นวนิยายไทย.]

BibComment


ยังไม่เคยถูกคอมเมนท์

คอมเมนท์ทรัพยากรรายการนี้
  คอมเมนท์: เจ้าพ่อ อาจินต์ ..
Bib 208519

 
 
 

 Union Library Management : ULibM
Copyright 2026. All Rights Reserved.
скачать бесплатно без регистрации порно красивый секс HD Sex Hindi sex

xxx gou

xxxx

bfxxx

xxxwww

Секса Видео

xxxx

Секса Видео

detube

geilexxx

C99 Shell

worms shell

blod xxx video
Ebony Coed Rihanna Rimes Takes A Dick In Her Young Twat priyaa indian fuck anal and pusssy hardcore indian women xxx desi hardcore fucking part 1 bengalixxxcouple